Statistics for Countries that Start with K - Picture Quiz

Click here to take the quiz!

General Stats

  • This quiz has been taken 34 times
  • The average score is 5 of 6

Answer Stats

Answer % Correct
Kenya
97%
Kiribati
97%
Kazakhstan
91%
Kyrgyzstan
88%
Kosovo
85%
Kuwait
82%

Score Distribution

Percentile by Number Answered

Percent of People with Each Score

Your Score History

You have not taken this quiz